000 00719nam a2200217 a 4500
005 20141201153429.0
008 140123b2005 ck ||||| |||| 00| 0 spa d
040 _aCO-BoIH
_cCO-BoIH
041 _aspa
044 _ack
090 _aIAVH
_b00356
100 1 _aPimienta, María Cleopatra
_94887
245 1 0 _aProtocolo para la caracterización de insectos de dosel
260 _aBogotá :
_bInstituto Alexander von Humboldt,
_c2005.
300 _a30 p.
_c28 cm.
500 _aVol. 2: Segundo informe Contrato No. 173/04
650 6 _aInsectos
_xcaracterización
_zRio Barbas (Filandia)
_929465
650 6 _aInsectos
_xcaracterización
_zReserva Bremen (Filandia)
_929466
942 _cINFORME
_2z
945 _d2005-06-23
999 _c4600
_d4600